| 000 | 00000nam 2200000zi 4500 |
| 001 | 9.921684 |
| 003 | CaOODSP |
| 005 | 20230414150312 |
| 006 | m o d f |
| 007 | cr bn |||||||| |
| 008 | 230414m19741984oncabo ob f001 0 fre d |
| 020 | |z0660524449|z0660524457 |
| 040 | |aCaOODSP|bfre|erda|cCaOODSP |
| 041 | |afre|aeng |
| 043 | |an-cn---|an-cn-nf |
| 086 | 1 |aE2-73-PDF|zE2-73-1974-1|zE2-73/1984-2-1|zE2-73/1984-2-2 |
| 245 | 00|aDocuments relatifs aux relations entre le Canada et Terre-Neuve = |bDocuments on relations between Canada and Newfoundland / |ccompilé par Paul Bridle. |
| 246 | 11|aDocuments on relations between Canada and Newfoundland |
| 264 | 1|aOttawa : |bMinistère des affaires extérieures = Department of External Affairs, |c1974, 1984. |
| 264 | 4|c©1974, 1984 |
| 300 | |a1 ressource en ligne (3 volumes) : |billustrations, cartes, photographies |
| 336 | |atexte|btxt|2rdacontent/fre |
| 337 | |ainformatique|bc|2rdamedia/fre |
| 338 | |aressource en ligne|bcr|2rdacarrier/fre |
| 504 | |aComprend des références bibliographiques et un index. |
| 505 | 0 |aVolume 1 1935-1949 -- Volume 2 Tome I 1940-1949 -- Volume 2 Tome II 1940-1949. |
| 520 | |a« Pour souligner le vingt-cinquième anniversaire de l'entrée de Terre-Neuve dans la Confédération du Canada, le ministère des Affaires extérieures a entrepris de publier deux volumes de documents portant sur les relations que le Canada a entretenues avec Terre-Neuve avant que celle-ci ne devienne une province canadienne » -- Avant-propos, page viii. |
| 546 | |aTexte en français et en anglais. |
| 650 | 6|aTransports aériens|zTerre-Neuve-et-Labrador. |
| 650 | 6|aMobilisation industrielle|zTerre-Neuve-et-Labrador. |
| 651 | 6|aTerre-Neuve-et-Labrador|xRelations|zCanada. |
| 651 | 6|aCanada|xRelations|zTerre-Neuve-et-Labrador. |
| 700 | 1 |aBridle, Paul, |eéditeur. |
| 710 | 1 |aCanada. |bMinistère des affaires extérieures, |eorganisme de publication. |
| 791 | |tDocuments relatifs aux relations entre le Canada et Terre-Neuve = |eeng|w(CaOODSP)9.921695 |
| 856 | 40|qPDF|s167.69 Mo|uhttps://publications.gc.ca/collections/collection_2023/amc-gac/E2-73-1974-1.pdf|zv. 1 |
| 856 | 40|qPDF|s80.10 Mo|uhttps://publications.gc.ca/collections/collection_2023/amc-gac/E2-73-1984-2-1.pdf|zv. 2, pt. i |
| 856 | 40|qPDF|s78.52 Mo|uhttps://publications.gc.ca/collections/collection_2023/amc-gac/E2-73-1984-2-2.pdf|zv. 2, pt. ii |